Advances in enzymology and related subjects / (Record no. 14443)
[ view plain ]
| 000 -LEADER | |
|---|---|
| fixed length control field | 00805nam a2200277 a 4500 |
| 001 - CONTROL NUMBER | |
| control field | 14443 |
| 003 - CONTROL NUMBER IDENTIFIER | |
| rucl marc code | BD-RjUL |
| 005 - DATE AND TIME OF LATEST TRANSACTION | |
| control field | 20211208235629.0 |
| 008 - FIXED-LENGTH DATA ELEMENTS--GENERAL INFORMATION | |
| fixed length control field | 140206m19511941nyu x 0 1 a0eng c |
| 035 ## - SYSTEM CONTROL NUMBER | |
| System control number | (BD-RjUL)14495 |
| -- | (OCoLC)ocm02444367 |
| 040 ## - CATALOGING SOURCE | |
| Original cataloging agency | QPR |
| Language of cataloging | eng |
| Transcribing agency | QPR |
| Modifying agency | BD-RjUL |
| 041 ## - LANGUAGE CODE | |
| Language code of text/sound track or separate title | eng |
| 070 0# - NATIONAL AGRICULTURAL LIBRARY CALL NUMBER | |
| Classification number | 390 |
| Item number | N75A |
| 072 #0 - SUBJECT CATEGORY CODE | |
| Subject category code | X300 |
| 082 04 - DEWEY DECIMAL CLASSIFICATION NUMBER | |
| Classification number | 612.0151 |
| Author mark and year | ADV 1951 |
| Edition number | 23 |
| 245 01 - TITLE STATEMENT | |
| Title | Advances in enzymology and related subjects / |
| Statement of responsibility, etc. | Edited by F. F. Nord. |
| 260 ## - PUBLICATION, DISTRIBUTION, ETC. (IMPRINT) | |
| Place of publication, distribution, etc. | New York : |
| Name of publisher, distributor, etc. | Interscience Publishers, |
| Date of publication, distribution, etc. | 1941[Printing 1951] |
| 300 ## - PHYSICAL DESCRIPTION | |
| Pagination | v. : |
| Illustrations | ill. ; |
| Size | 24 cm. |
| 504 ## - BIBLIOGRAPHY, ETC. NOTE | |
| Bibliography, etc | Includes index. |
| 505 ## - FORMATTED CONTENTS NOTE | |
| Formatted contents note | V.1 --v.2 --v.3 --v.4 --v.9-- |
| 650 #0 - SUBJECT ADDED ENTRY--TOPICAL TERM | |
| Topical term or geographic name as entry element | Enzymes |
| 9 (RLIN) | 45042 |
| 700 1# - ADDED ENTRY--PERSONAL NAME | |
| Personal name | Nord, F. F. , |
| Personal name | Werkman, C.H |
| 942 ## - ADDED ENTRY ELEMENTS (KOHA) | |
| Source of classification or shelving scheme | Dewey Decimal Classification |
| Koha item type | Books |
| Lost status | Source of classification or shelving scheme | Damaged status | Not for loan | Collection code | Permanent Location | Current Location | Shelving location | Date acquired | Source of acquisition | Cost, normal purchase price | Total Checkouts | Full call number | Date last seen | Copy number | Koha item type |
|---|---|---|---|---|---|---|---|---|---|---|---|---|---|---|---|
| Dewey Decimal Classification | Not For Loan | Non-fiction | Central Library, University of Rajshahi | Central Library, University of Rajshahi | Reading Room | 16/10/1959 | Publisher United ltd. | 73.20 | 612.0151 ADV 1949 | 06/02/2014 | C-1 | Books | |||
| Dewey Decimal Classification | Non-fiction | Central Library, University of Rajshahi | Central Library, University of Rajshahi | 16/10/1959 | Publisher United ltd. | 73.00 | 612.0151 ADV V-1 1951 | 10/12/2016 | C-2 | Books | |||||
| Dewey Decimal Classification | Non-fiction | Central Library, University of Rajshahi | Central Library, University of Rajshahi | 16/10/1959 | Publisher United ltd. | 73.00 | 612.0151 ADV V-3 1947 | 10/12/2016 | C-2 | Books | |||||
| Dewey Decimal Classification | Non-fiction | Central Library, University of Rajshahi | Central Library, University of Rajshahi | 16/10/1959 | Publisher United ltd. | 73.00 | 612.0151 ADV V-2 1947 | 10/12/2016 | C-2 | Books | |||||
| Dewey Decimal Classification | Non-fiction | Central Library, University of Rajshahi | Central Library, University of Rajshahi | 16/10/1959 | Publisher United ltd. | 73.00 | 612.0151 ADV V-4 1946 | 10/12/2016 | C-2 | Books |